| 000 | 01309nam a2200301Ia 4500 | ||
|---|---|---|---|
| 001 | 3063 | ||
| 003 | IT-RoPAU | ||
| 008 | 130308s9999 xx 000 0 und d | ||
| 040 | _aIT-RoPAU | ||
| 040 | _cIT-RoPAU | ||
| 041 | _aINGLESE | ||
| 100 | _aDaughters Of St.Paul | ||
| 100 | _gCodice Aut. SPICS: 7531 | ||
| 245 | _aCommunicators for Christ-The Story of the Daughters of St. Paul in the U.S.A. | ||
| 245 | _bCommunicators For Christ-The Story Of The Daughters Of St. Paul in The U.S.A. | ||
| 250 | _a1a ed. | ||
| 260 | _aBOSTON | ||
| 260 | _bEditions St. Paul | ||
| 260 | _c1972 [1° Ed.:1972 - Ed.Ling.Originale:1972] | ||
| 300 | _a"476 p. (prefazione: no ; testo: 476)" | ||
| 500 | _aComunicatori per Cristo Storia delle Figlie di San Paolo in Usa Agli inizi del Nuovo Secolo Sbarco in America meraviglie e Crescita continua Donne di Preghiera e di Azione mistero di madre Tecla Camminatrici di Dio contatto con Il Perfetto comunicatore Spiritualità Paolina Pubblicità Comunicazione di Dio missione Paolina 40 Anni di missione e Sempre Avanti senza guardare Indietro Messaggi di Congratulazione per Il Quarantesimo di Fondazione | ||
| 650 | _aAUTORI/OPERE FAMIGLIA PAOLINA | ||
| 650 | _eCodice materia Spics: 9903 | ||
| 942 | _cBK | ||
| 957 | _71 | ||
| 999 |
_c76273 _d76273 |
||
| 999 | _bSI | ||
| 999 | _g1 | ||